[Event "22nd Hogeschool Zeeland 2018"]
[Site "Vlissingen"]
[Date "2018.08.07"]
[Round "5"]
[White "Iturrizaga Bonelli, Eduardo"]
[Black "Timmermans, Mark"]
[Result "1-0"]
[WhiteElo "2640"]
[BlackElo "2383"]
[Annotator "TA"]
[PlyCount "75"]
[EventDate "2018.08.04"]
[EventType "swiss"]
[EventCountry "NED"]
[SourceTitle "playchess.com"]
[Source "ChessBase"]
[SourceQuality "1"]

{[%evp 16,75,22,21,34,27,23,29,41,43,46,26,27,34,28,12,39,4,35,34,41,36,50,19,62,50,36,20,29,33,37,39,46,0,0,0,0,0,22,0,102,105,95,93,135,118,324,319,321,293,602,611,823,819,621,798,793,795,792,668,1047,976]} 1. c4 e6 2. g3 Nf6 3. Bg2 d5 4. Nf3 Be7 5. d4 O-O 6. Qc2 b6 {E06: Katalanisch} (6... c5 7. O-O Nc6 8. dxc5 d4 9. a3 a5 10. Rd1 Bxc5 11. Nc3 e5 12. Nd5 h6 13. Bd2 Bd6 14. e3 Bg4 15. h3 Bh5 {1-0 (39) Wei,Y (2729)-So,W (2780) chess.com INT 2018}) 7. cxd5 Nxd5 8. O-O Bb7 9. a3 {LiveBook: 7 Partien} c5 10. dxc5 bxc5 11. Rd1 Nd7 12. e4 N5f6 13. Nc3 Qc8 $146 ({Vorgänger:} 13... Qc7 14. Bf4 Qc6 15. e5 Nh5 {1-0 (48) Bacrot,E (2255)-Geanta,H Szeged 1994}) 14. Bf4 Rd8 15. h3 Nb6 16. Re1 Ba6 17. Rad1 Rxd1 18. Rxd1 Nfd7 19. a4 {[%cal Ba3a4,Ba4a5][%mdl 32]} Nf8 20. h4 Qe8 21. a5 Nbd7 22. Bd6 Bxd6 23. Rxd6 Qc8 24. h5 h6 $1 25. Qd2 Bb7 26. g4 {[%cal Bg3g4,Bg4g5][%mdl 32]} Nf6 27. Qf4 Qc7 (27... Rb8 $11 {bleibt in der Remisbreite.}) 28. a6 $36 {[%mdl 2048] Weiss ist am Drücker.} Bc6 {[#]} 29. e5 $1 Nd5 {[#]} 30. Nxd5 $1 exd5 $2 (30... Bxd5 $16 {kämpft weiter.} 31. g5 hxg5 32. Nxg5 Bxg2 33. Kxg2 Rb8) 31. g5 $18 Ne6 32. Qf5 Rd8 $2 (32... Bb5 33. gxh6 (33. Rxd5 Rd8 $16) 33... gxh6) 33. gxh6 {Und weiter mit Sg5 wäre nett.Weiß steht klar auf Gewinn.} gxh6 34. Rxe6 $1 fxe6 35. Qxe6+ Qf7 36. Qxc6 Qxh5 37. Qxc5 d4 38. Qe7 {Precision: Weiß = 75%, Schwarz = 53%.} 1-0

[Event "22nd Hogeschool Zeeland 2018"]
[Site "Vlissingen"]
[Date "2018.08.07"]
[Round "5"]
[White "Ikonnikov, Vyacheslav"]
[Black "Miciano, John Marvin"]
[Result "0-1"]
[WhiteElo "2546"]
[BlackElo "2381"]
[Annotator "TA"]
[PlyCount "124"]
[EventDate "2018.08.04"]
[EventType "swiss"]
[EventCountry "NED"]
[SourceTitle "playchess.com"]
[Source "ChessBase"]
[SourceQuality "1"]

{[%evp 24,124,54,54,68,75,81,85,81,81,85,21,19,27,34,16,27,0,0,-91,-64,-102,0,-191,-177,-184,-181,-152,-175,-163,-155,-370,-390,-389,-394,-394,-381,-389,-403,-785,-783,-691,-740,-765,-776,-1097,-1089,-1063,-970,-734,-563,-724,-719,-628,-604,-968,-953,-928,-891,-860,-835,-759,-675,-606,-545,-437,-63,-22,0,-519,-558,-387,-9,-15,-25,-40,-68,-68,0,-268,-280,-1070,-1062,-965,-958,-1185,-1143,-948,-1746,-1446,-983,-5427,-1707,-1332,-941,-12843,-12843,-12844,-12844,-12850,-12849,-29988,-29989]} 1. d4 g6 2. c4 Bg7 3. e4 d6 4. Nf3 Nf6 5. Nc3 O-O 6. Be2 e5 7. d5 a5 8. h3 Na6 9. Bg5 h6 10. Be3 Nh5 11. Nd2 {E92: King's Indian: Classical: 6 Be2 e5: 7 dxe5, 7 Be3 and Petrosian System without 7...Nbd7} Nf4 12. Bf1 Nc5 13. Nb3 {[#] LiveBook: 3 Games. White is slightly better.} Nxb3 $146 ({Predecessor:} 13... b6 14. g3 Nh5 15. Nxc5 bxc5 16. Qd2 Kh7 17. Be2 Nf6 18. O-O-O Qe7 {½-½ (35) Kramnik,V (2715)-Ivanchuk,V (2700) Moscow 1995}) 14. axb3 c5 15. g3 Nh5 {[%cal Bf4h5,Bh5f6,Bf6g4][%mdl 32]} 16. h4 Nf6 17. Bh3 (17. Be2 $16) 17... Bxh3 $11 18. Rxh3 Qd7 19. Rh1 Ng4 $1 20. Na4 {Threatens to win with Nb6.} Ra6 21. h5 {[#]} (21. Bd2 $11) 21... f5 $1 $36 {[%mdl 2048] Black fights for an advantage.} ({Reject} 21... Nxe3 $6 22. fxe3 b5 23. Nc3 $11) 22. hxg6 f4 (22... fxe4 $17 23. Nc3 Rf3) 23. Rh4 $2 (23. gxf4 $11 {and White stays safe.} exf4 24. Bxc5 dxc5 25. Nxc5) 23... fxe3 $19 ({Inferior is} 23... Nxe3 24. fxe3 f3 25. Kf2 $11) 24. Qxg4 Qxg4 ({But not} 24... exf2+ 25. Kf1 $17) 25. Rxg4 Rxf2 26. Rh4 Ra8 27. O-O-O $2 (27. Nc3 $17) 27... Bf6 28. Rhh1 Bg5 29. Rde1 Raf8 {White must now prevent ...e2+.} 30. Nc3 Rg2 31. Ne2 (31. Re2 $142 Rxg3 32. Nb5) 31... Rff2 32. Kd1 Kg7 33. Rhf1 Kxg6 34. Rxf2 exf2 {[%mdl 4096] Endgame KRB-KRN} 35. Rf1 h5 36. Nc3 Rxg3 37. Rxf2 h4 38. Ke2 h3 39. Rh2 Bf4 40. Rh1 Kg5 41. Nb5 Kg4 42. Nxd6 Rg2+ 43. Kd3 h2 44. Nxb7 Rxb2 $2 (44... Rg1 $19 45. Rxh2 Bxh2 46. Nxc5 Rg3+ 47. Kc2 Kf3) 45. Nxc5 $15 Kf3 {aiming for ...Kg2.} 46. Kc3 $2 {[%mdl 8192]} (46. Ne6 $1 $11 {and White is okay.}) 46... Rg2 $19 {Strongly threatening ...Bd2+.} 47. Ne6 Bd2+ $2 (47... Rg1 $19 48. Rxh2 Bxh2) 48. Kd3 $11 Bb4 {[%csl Gb4][%cal Rg2d2]} 49. c5 $1 Rd2+ 50. Kc4 Kg2 (50... Kxe4 $15 51. d6 Kf5 52. Ng7+ Kf6 53. Ne8+ Ke6) 51. Rxh2+ $4 {[%mdl 8192]} (51. Rc1 $11) 51... Kxh2 $19 52. d6 $2 (52. Kb5 Kg3 53. c6) 52... Kg3 53. Kb5 Kf3 54. Kc6 Kxe4 55. d7 {[#]} a4 $1 56. bxa4 Ba5 57. Ng5+ Kf5 58. Nf7 Ke6 59. Nd6 Rxd6+ 60. cxd6 e4 {[%cal Be5e4,Be4e3][%mdl 32]} 61. Kb5 e3 {( -> ...Bd8)} 62. Kxa5 Kxd7 {Precision: White = 33%, Black = 57%.} 0-1

[Event "22nd Hogeschool Zeeland 2018"]
[Site "Vlissingen"]
[Date "2018.08.07"]
[Round "5"]
[White "Zeng, Chongsheng"]
[Black "Lammens, Tim"]
[Result "1/2-1/2"]
[WhiteElo "2539"]
[BlackElo "2293"]
[Annotator "TA"]
[PlyCount "104"]
[EventDate "2018.08.04"]
[EventType "swiss"]
[EventCountry "NED"]
[SourceTitle "playchess.com"]
[Source "ChessBase"]
[SourceQuality "1"]

{[%evp 21,104,26,17,-27,-14,-71,-14,-110,-16,-73,-72,-97,-104,-163,-118,-157,-157,-157,-161,-159,-149,-186,-196,-219,-222,-198,-188,-188,-195,-197,-185,-258,-134,-444,-433,-445,-451,-515,-456,-596,-552,-538,-553,-535,-535,-616,-356,-337,-209,-209,-169,-188,-119,-158,-158,-207,-207,-204,-62,-71,0,-108,-97,-97,-97,-172,-62,-62,-62,-62,-50,-50,-50,-62,-62,-62,-62,-62,-62,-62,-62,-62,-62,-62,0]} 1. d4 d6 2. e4 Nf6 3. Nc3 g6 4. f4 Bg7 5. Bd3 O-O 6. Nf3 Nc6 7. e5 dxe5 8. fxe5 Nh5 9. Ne2 {B09: Pirc Defence: Austrian Attack} (9. Be3 f6 10. exf6 exf6 11. O-O Kh8 12. Qd2 Bg4 13. Be4 Na5 14. Bd3 Bxf3 15. Rxf3 f5 16. d5 Nf6 17. Be2 {0-1 (43) Anand,V (2779)-Dubov,D (2660) Doha 2016}) 9... Bg4 10. c3 Bxf3 11. gxf3 e6 $1 {LiveBook: 4 Games} 12. Be3 f6 13. Qb3 $146 (13. exf6 $11 Nxf6 14. Nf4) ({Predecessor:} 13. exf6 Bxf6 14. Qb3 Bg5 15. Bxg5 Qxg5 16. Qxb7 Ne7 {1-0 (31) Golubov,S (2453)-Yeletsky,I (2342) St Petersburg 2015}) 13... fxe5 (13... Nxe5 $17 14. Be4 (14. Qxe6+ Kh8 $17) 14... Nf7) 14. Be4 (14. Qxe6+ $11 {remains equal.} Kh8 15. Be4) 14... exd4 (14... Qh4+ $17 15. Bf2 Qh3 16. Qxb7 Ne7) 15. O-O-O (15. Qxe6+ $11 Kh8 16. O-O-O) 15... Qe7 $17 16. Bxc6 dxe3 17. Qxb7 (17. Rd7 $17 {was necessary.} Qg5 18. Bb5) 17... Qc5 18. Qxa8 Rxa8 19. Bxa8 Qc4 20. Rhe1 Qxa2 21. Rd8+ Kf7 22. Rd7+ Kf6 23. Be4 Bh6 24. Rxh7 Qa1+ 25. Bb1 Nf4 $36 {[%mdl 2048] Black has strong initiative.} 26. Rd7 (26. Nxf4 {keeps fighting.} Bxf4 27. Rh4) 26... a5 (26... c5 $19 27. Nxf4 e2 28. Rxe2 Bxf4+ 29. Rdd2 a5) 27. Rd4 $2 {[%mdl 8192]} (27. Nxf4 $17 {was the crucial defense.} Bxf4 28. Rd4 Bxh2 29. Kc2) 27... e5 $19 28. Rd8 Ke7 29. Rdd1 a4 30. Nxf4 Bxf4 31. Kc2 a3 32. bxa3 Qxa3 33. Rd3 c5 34. Rdxe3 Bxe3 35. Rxe3 {[%mdl 4096] Endgame KQ-KRB} Kf6 36. Kd2 c4 ({Black should play} 36... Qa4 $19 37. Be4 Qa2+ 38. Bc2 Qd5+ 39. Ke1 Qc4) 37. h4 Qa1 38. Re1 {[#]} Qa7 $1 {[%cal Ra7f2] Threatens to win with ...Qf2+.} 39. Ke2 Qc5 ({Better is} 39... Qb7 $19 {aiming for ...Qb2+.} 40. Bc2 {[#]} e4 $1 {[%mdl 512]} 41. Bxe4 Qb2+ 42. Kd1 Qxc3) 40. Be4 $15 Qa7 (40... g5 $17 41. h5 Qa3) 41. Rd1 (41. Bb1 $1 $11 {keeps the balance.}) 41... Qa2+ 42. Rd2 Qa3 43. Kf2 (43. Rd1 $17 {was called for.}) 43... Qxc3 ({Black should try} 43... g5 $19 44. h5 g4) 44. Rd6+ {Black is slightly better.} Ke7 45. Rxg6 Qd2+ 46. Kg3 c3 {Strongly threatening ...c2.} 47. Rc6 Kd7 {...Qe1+ is the strong threat.} 48. h5 Qf4+ 49. Kf2 Qh4+ 50. Ke2 Qh2+ 51. Ke1 Qh1+ 52. Kf2 Qh2+ {Precision: White = 37%, Black = 54%.} (52... Qxh5 $15 53. Rxc3 Qh4+ 54. Ke2 Qh2+ 55. Ke1 Qa2) 1/2-1/2

[Event "22nd Hogeschool Zeeland 2018"]
[Site "Vlissingen"]
[Date "2018.08.07"]
[Round "5"]
[White "Hausrath, Daniel"]
[Black "Grooten, Herman"]
[Result "0-1"]
[WhiteElo "2502"]
[BlackElo "2374"]
[Annotator "TA"]
[PlyCount "84"]
[EventDate "2018.08.04"]
[EventType "swiss"]
[EventCountry "NED"]
[SourceTitle "playchess.com"]
[Source "ChessBase"]
[SourceQuality "1"]

{[%evp 29,84,39,32,4,29,0,27,-33,0,0,-13,0,0,-49,-41,-92,-38,-36,-36,-80,-112,-280,-307,-306,-326,-313,-279,-279,-283,-309,-297,-291,-290,-402,-288,-279,-302,-290,-271,-475,-467,-587,-471,-434,-440,-570,-575,-572,-583,-665,-644,-1080,-1072,-1579,-787,-771,-739]} 1. Nf3 {Marin,M} Nf6 2. g3 b6 3. Bg2 Bb7 4. O-O c5 5. c4 e6 6. Nc3 Be7 7. d4 cxd4 8. Qxd4 d6 9. Rd1 a6 10. b3 Nbd7 11. e4 Qc8 12. Bb2 O-O 13. Qe3 {A30: Englische Eröffnung (Symmetrische Variante)} Re8 14. h3 Qc7 15. Rac1 Rac8 {[#] LiveBook: 3 Partien} 16. g4 $146 ({Vorgänger:} 16. Nh2 Qb8 17. Ng4 Ba8 18. Nxf6+ Bxf6 19. Na4 Be7 20. e5 Bxg2 21. exd6 Bxd6 22. Kxg2 {½-½ (61) Bu,X (2708)-Ivanchuk,V (2740) Sofia 2008 CBM 124 [Marin,M]}) 16... Ne5 17. Nd4 Qb8 18. a4 (18. f4 $11) 18... Nfd7 19. g5 Ng6 20. Qg3 Nc5 21. b4 Nd7 22. Nb1 (22. h4 $1 $15) 22... Bd8 (22... a5 $17 23. Ba3 axb4 24. Bxb4 Nc5) 23. h4 {[%cal Bh3h4,Bh4h5][%mdl 32]} Bc7 {[%cal Bd8c7,Bc7e5,Be5h2,Bh2f4][%mdl 32] zielt auf ...d5 ab.} 24. h5 d5 $1 {[%cal Bd6d5,Bd5c4][%mdl 32]} 25. Qc3 $2 {[#]} (25. Qb3 $17 dxc4 26. Rxc4 Bh2+ 27. Kh1) 25... Nf4 $1 $19 ({Schwächer ist} 25... Bh2+ 26. Kh1 $11) 26. Re1 Be5 27. Nd2 dxc4 28. Bf1 Nxh5 29. Qf3 Bh2+ 30. Kh1 Bf4 31. Rcd1 g6 {Und ...c3 würde nun gewinnen.} 32. Nxc4 Ne5 33. Nxe5 Qxe5 34. Bh3 $2 {[#]} (34. Qg2 {war angesagt.}) 34... Qxg5 {Schwarz steht klar auf Gewinn.} 35. Rg1 Qh4 36. Rg4 Qf6 37. Rg2 Qe5 38. Re1 Nf6 39. Nxe6 Qxb2 40. Nxf4 Rxe4 41. Kh2 Rd8 (41... Rxe1 $142 42. Qxb7 Rcc1 43. Qb8+ Kg7) 42. Re3 Qe5 {Precision: Weiß = 34%, Schwarz = 57%.} 0-1

[Event "22nd Hogeschool Zeeland 2018"]
[Site "Vlissingen"]
[Date "2018.08.07"]
[Round "5"]
[White "Henrichs, Thomas"]
[Black "Bluhm, Sonja Maria"]
[Result "0-1"]
[WhiteElo "2486"]
[BlackElo "2279"]
[Annotator "TA"]
[PlyCount "132"]
[EventDate "2018.08.04"]
[EventType "swiss"]
[EventCountry "NED"]
[SourceTitle "playchess.com"]
[Source "ChessBase"]
[SourceQuality "1"]

{[%evp 18,132,27,19,40,0,19,5,23,-23,-27,-27,-4,-5,0,0,0,-84,84,33,31,39,46,40,35,36,28,15,17,25,18,18,34,0,0,0,0,-2,-1,0,-1,-16,-20,-27,-16,-23,-19,-37,-37,-37,-39,-44,-43,-39,-51,-90,-90,-98,-84,-85,-75,-94,-75,-95,-89,-84,-86,-94,-55,-79,-35,-34,-33,-72,-65,-105,-104,-104,-102,-136,-130,-137,-135,-4229,-3208,-5692,-5668,-5138,-4625,-2759,-2151,-5097,-5108,-5081,-4316,-2956,-1789,-4885,-4921,-3331,-2329,-29964,-29968,-29966,-29967,-29977,-29978,-29978,-29976,-29976,-29977,-29977,-29978,-29981,-29982,-29983,-29984]} 1. e4 c5 2. Nf3 d6 3. d4 cxd4 4. Nxd4 Nf6 5. Nc3 Nc6 6. Bg5 Bd7 7. Be2 Qa5 8. Bxf6 gxf6 9. Nb3 Qg5 10. g3 {LiveBook: 17 Games. B60: Sicilian: Richter-Rauzer: Unusual Black 6th moves and 6...Bd7 without 7 Qd2} h5 (10... f5 11. f4 Qh6 12. Qd2 Bg7 13. O-O-O fxe4 14. Nxe4 a5 15. Qe3 O-O 16. a3 Qe6 17. Qd3 h6 {0-1 (36) Morozevich,A (2758)-Dreev,A (2698) Moscow 2004 CBM 104 [Tyomkin,D]}) 11. Nd5 Rc8 12. f4 {The position is equal.} Qg6 13. Bf3 h4 14. Kf2 hxg3+ $146 ({Predecessor:} 14... e6 15. Ne3 Be7 16. Qd2 Rd8 17. Rad1 Bc8 {0-1 (38) Weber,G-Muehlberg,S Leipzig 1963}) 15. hxg3 Rg8 {[#] White must now prevent ...e6.} 16. g4 $1 {[%mdl 512]} Bh6 ({Don't blunder} 16... Bxg4 $2 17. Rg1 $18) 17. Rh5 (17. Qe2 $11 {remains equal.}) 17... Bf8 $2 (17... e6 $17 {and life is bright.} 18. Qh1 Bg5) 18. g5 (18. Rh3 $16) 18... fxg5 $14 19. Rxg5 Qh7 20. Rxg8 Qxg8 21. Qh1 Qg7 22. c3 Qh6 23. Qg2 e6 24. Rh1 Qg7 25. Qxg7 Bxg7 26. Ne3 b5 27. Be2 $132 {[%mdl 2048] White is not keeping still} b4 28. Nc4 Ke7 29. Rh7 Rg8 30. cxb4 Nxb4 31. a3 Nc6 32. Bf3 Bf6 33. e5 dxe5 34. Bxc6 Bxc6 35. fxe5 Rg2+ 36. Kf1 Bg7 $1 37. Nd4 Ba8 {aiming for ...Rg4.} 38. Nb5 Rg4 {Threatens to win with ...Be4.} 39. Nbd6 Bd5 40. b3 Rg5 41. Nc8+ Kf8 42. Nxa7 Rg3 43. Nb6 Rxb3 (43... Bxb3 {is more complex.} 44. Rh4 Ke8 45. Kf2 Rc3 46. Nb5 Rc2+) 44. Nxd5 exd5 $17 {[%cal Be6d5,Bd5d4][%mdl 4128] Endgame KRB-KRN} 45. Nc6 Rxa3 46. Ke2 Rc3 47. Nb4 {[#]} d4 $1 48. Rh5 Re3+ 49. Kd2 Rxe5 50. Rxe5 $4 {[%mdl 8192]} (50. Rh7 $17) 50... Bxe5 {KB-KN} 51. Nc6 Bf6 52. Kd3 Kg7 53. Ke4 Kg6 54. Kf4 Bg5+ 55. Ke4 {[#]} Be3 $1 56. Ne5+ Kf6 57. Nd3 Kg5 58. Ne5 f6 {[%cal Bf7f6,Bf6f5][%mdl 32]} 59. Nf7+ Kg4 {Black mates.} 60. Nd6 Bg1 61. Nc4 f5+ 62. Kd3 Kf3 63. Ne5+ Kg2 64. Ng6 Kg3 65. Ne5 f4 66. Ke2 Kg2 {Precision: White = 48%, Black = 77%.} 0-1

[Event "22nd Hogeschool Zeeland 2018"]
[Site "Vlissingen"]
[Date "2018.08.07"]
[Round "5"]
[White "Beerdsen, Thomas"]
[Black "Muetsch, Annmarie"]
[Result "1-0"]
[WhiteElo "2469"]
[BlackElo "2239"]
[Annotator "ChessBase"]
[PlyCount "47"]
[EventDate "2018.08.04"]
[EventType "swiss"]
[EventCountry "NED"]
[SourceTitle "playchess.com"]
[Source "ChessBase"]
[SourceQuality "1"]
[TimeControl "40/5400+30:1800+30"]

1. e4 {[%emt 0:05:06]} c5 {[%emt 0:00:00]} 2. Nf3 {[%emt 0:00:12]} g6 {[%emt 0:00:00]} 3. c3 {[%emt 0:01:01]} Bg7 {[%emt 0:00:12]} 4. d4 {[%emt 0:00:13]} cxd4 {[%emt 0:00:07]} 5. cxd4 {[%emt 0:00:04]} d5 {[%emt 0:00:16]} 6. e5 {[%emt 0:01:35]} Bg4 {[%emt 0:00:18]} 7. Qb3 {[%emt 0:04:53]} Qd7 {[%emt 0:12:20]} 8. Nc3 {[%emt 0:01:46]} Bxf3 {[%emt 0:08:40]} 9. gxf3 {[%emt 0:00:06]} e6 {[%emt 0:00:34]} 10. Nb5 {[%emt 0:07:40]} Bf8 {[%emt 0:01:10]} 11. Bf4 {[%emt 0:00:41]} Nc6 {[%emt 0:02:38]} 12. Rc1 {[%emt 0:09:34]} a6 {[%emt 0:20:43]} 13. Nd6+ {[%emt 0:00:08]} Bxd6 {[%emt 0:00:06]} 14. exd6 {[%emt 0:00:04]} f6 {[%emt 0:01:19]} 15. Bh3 {[%emt 0:04:55]} g5 {[%emt 0:06:45]} 16. O-O {[%emt 0:06:21]} Kf8 {[%emt 0:18:07]} 17. Bg3 {[%emt 0:06:01]} h5 {[%emt 0:02:54]} 18. Bxe6 {[%emt 0:04:45]} Qxe6 {[%emt 0:00:46]} 19. Qxb7 {[%emt 0:00:06]} Rd8 {[%emt 0:13:17]} 20. Rxc6 {[%emt 0:01:20]} h4 {[%emt 0:01:52]} 21. d7 {[%emt 0:01:28]} Qh3 {[%emt 0:07:10]} 22. Rc8 {[%emt 0:01:18]} hxg3 {[%emt 0:00:12]} 23. Rxd8+ {[%emt 0:00:04]} Kf7 {[%emt 0:00:12]} 24. Qxd5+ {[%emt 0:00:11]} 1-0

[Event "22nd Hogeschool Zeeland 2018"]
[Site "Vlissingen"]
[Date "2018.08.07"]
[Round "5"]
[White "Vrolijk, Liam"]
[Black "Van den Berg, Bram"]
[Result "1-0"]
[WhiteElo "2430"]
[BlackElo "2221"]
[Annotator "NA RC"]
[PlyCount "77"]
[EventDate "2018.08.04"]
[EventType "swiss"]
[EventCountry "NED"]
[SourceTitle "playchess.com"]
[Source "ChessBase"]
[SourceQuality "1"]
[TimeControl "40/5400+30:1800+30"]

1. d4 {[%emt 0:00:00]} Nf6 {[%emt 0:00:00]} 2. c4 {[%emt 0:00:00]} g6 {[%emt 0:00:00]} 3. Nc3 {[%emt 0:00:03]} d5 {[%emt 0:00:00]} 4. cxd5 {[%emt 0:04:04]} Nxd5 {[%emt 0:00:24]} 5. e4 {[%emt 0:00:09]} Nxc3 {[%emt 0:00:06]} 6. bxc3 {[%emt 0:00:06]} Bg7 {[%emt 0:00:12]} 7. Nf3 {[%emt 0:00:45]} c5 {[%emt 0:00:12]} 8. Be3 {[%emt 0:00:07]} O-O {[%emt 0:00:31]} 9. Qd2 {[%emt 0:00:27]} Qa5 {[%emt 0:01:40]} 10. Rb1 {[%emt 0:00:21]} cxd4 {[%emt 0:03:10]} 11. cxd4 {[%emt 0:00:21]} Qxd2+ {[%emt 0:00:05]} 12. Kxd2 {[%emt 0:06:39]} Rd8 {[%emt 0:07:36]} 13. Bd3 {[%emt 0:07:07]} Bg4 {[%emt 0:02:30]} 14. Rxb7 {[%emt 0:16:56]} Bxf3 {[%emt 0:10:53]} 15. gxf3 {[%emt 0:01:34]} Bxd4 {[%emt 0:01:10]} 16. Rc1 {[%emt 0:06:49]} Bb6 {[%emt 0:08:15]} 17. Ke2 {[%emt 0:03:07]} Nd7 {[%emt 0:03:05]} 18. Bb5 {[%emt 0:01:24]} Nf8 {[%emt 0:00:10]} 19. Rxe7 {[%emt 0:01:36]} Ne6 {[%emt 0:03:26]} 20. Bc4 {[%emt 0:02:23]} Kf8 {[%emt 0:00:38]} 21. Rb7 {[%emt 0:01:06]} Rab8 {[%emt 0:05:55]} 22. Rxb8 {[%emt 0:02:21]} Rxb8 {[%emt 0:00:39]} 23. Bb3 {[%emt 0:05:08]} Ke7 {[%emt 0:04:43]} 24. f4 {[%emt 0:02:18]} Rb7 {[%emt 0:04:53]} 25. Bd5 {[%emt 0:01:18]} Rd7 {[%emt 0:00:43]} 26. Rc4 {[%emt 0:06:08]} Nd8 {[%emt 0:13:20]} 27. Rb4 {[%emt 0:02:50]} Bxe3 {[%emt 0:01:32]} 28. fxe3 {[%emt 0:00:16]} Ne6 {[%emt 0:00:39]} 29. Rc4 {[%emt 0:03:03]} Rd6 {[%emt 0:01:46]} 30. Bc6 {[%emt 0:04:14]} Rd8 {[%emt 0:03:59]} 31. Ba4 {[%emt 0:03:44]} Rb8 {[%emt 0:05:14]} 32. Bb3 {[%emt 0:00:33]} Rb7 {[%emt 0:01:18]} 33. e5 {[%emt 0:01:40]} Ng7 {[%emt 0:02:20]} 34. e4 {[%emt 0:04:59]} Rd7 {[%emt 0:02:52]} 35. Ke3 {[%emt 0:00:21]} Rb7 {[%emt 0:00:31]} 36. Rc6 {[%emt 0:00:22]} Rd7 {[%emt 0:00:24]} 37. Bd5 {[%emt 0:01:16]} h6 {[%emt 0:00:19]} 38. Rf6 {[%emt 0:00:51]} Ke8 {[%emt 0:00:16]} 39. Bc6 {[%emt 0:00:08]} 1-0

[Event "22nd Hogeschool Zeeland 2018"]
[Site "Vlissingen"]
[Date "2018.08.07"]
[Round "5"]
[White "Viani Antonio Dcunha"]
[Black "Mareco, Sandro"]
[Result "1/2-1/2"]
[WhiteElo "2414"]
[BlackElo "2643"]
[Annotator "TA"]
[PlyCount "57"]
[EventDate "2018.08.04"]
[EventType "swiss"]
[EventCountry "NED"]
[SourceTitle "playchess.com"]
[Source "ChessBase"]
[SourceQuality "1"]

{[%evp 20,57,12,12,28,27,39,4,11,0,0,-4,-9,-10,-4,-12,8,0,12,20,6,0,0,0,0,0,12,8,4,11,10,0,9,0,0,0,0,0,0,0]} 1. e4 e5 2. Nf3 Nc6 3. d4 exd4 4. Nxd4 Nf6 5. Nc3 Bb4 6. Nxc6 bxc6 7. Bd3 O-O 8. O-O Re8 9. Re1 {C47: Scotch Four Knights and Four Knights with 4 g3} (9. Qf3 d5 10. exd5 cxd5 11. h3 c6 12. Bf4 Bxc3 13. bxc3 Ne4 14. Rfe1 Qf6 15. c4 Bxh3 16. cxd5 cxd5 17. c4 {0-1 (47) Piorun,K (2633)-Duda,J (2724) Warsaw 2018}) 9... d6 10. Bg5 {[%cal Bc1g5,Bg5h4,Bh4g3,Bg3f2,Bf2e3][%mdl 32]} h6 11. Bh4 {LiveBook: 7 Games} g5 12. Bg3 Bg4 13. f3 Be6 {The position is equal.} 14. Bf2 $146 ({Predecessor:} 14. a3 Bc5+ 15. Bf2 Bxf2+ 16. Kxf2 Nh5 17. g3 Rb8 18. Rb1 {0-1 (42) Doring,R (2163)-Petr,J (2147) Czech Republic 2016}) 14... Nd7 15. Qd2 Qf6 16. Kh1 Ba5 17. a3 Qg7 18. Be3 Rab8 19. b4 Bb6 20. Ne2 Bxe3 21. Qxe3 c5 {Hoping for ...c4.} 22. Ng3 Qd4 23. Qxd4 cxd4 24. b5 Ne5 25. a4 a6 26. Ne2 axb5 27. axb5 Nxd3 28. cxd3 Rxb5 {White must now prevent ...c5.} 29. Nxd4 {Precision: White = 58%, Black = 46%.} 1/2-1/2

[Event "22nd Hogeschool Zeeland 2018"]
[Site "Vlissingen"]
[Date "2018.08.07"]
[Round "5"]
[White "Schoppen, Casper"]
[Black "Sparenberg, Erik"]
[Result "1-0"]
[WhiteElo "2395"]
[BlackElo "2173"]
[Annotator "TA"]
[PlyCount "91"]
[EventDate "2018.08.04"]
[EventType "swiss"]
[EventCountry "NED"]
[SourceTitle "playchess.com"]
[Source "ChessBase"]
[SourceQuality "1"]

{[%evp 20,91,36,51,70,60,72,80,81,79,62,60,64,64,71,56,70,69,84,0,0,0,0,-29,-8,0,8,9,158,137,142,114,216,215,278,184,678,676,667,639,594,330,357,308,476,439,644,628,797,792,793,787,784,776,1465,1394,5114,4063,3271,2890,29979,29980,29977,5218,5097,5097,5081,4133,4133,1657,1341,1250,946,446]} 1. e4 e5 2. Nf3 Nc6 3. Bb5 {[%cal Bf1b5,Bb5a4,Ba4b3][%mdl 32]} a6 4. Ba4 Nf6 5. O-O Be7 6. Re1 b5 7. Bb3 O-O 8. a4 b4 9. d3 d6 10. a5 Bb7 {C88: Closed Ruy Lopez: Anti-Marshall Systems} (10... Rb8 11. h3 h6 12. Be3 Re8 13. Nbd2 Bf8 14. c3 Be6 15. Ba4 Bd7 16. Qc2 Ne7 17. d4 bxc3 18. bxc3 {0-1 (64) Yu,Y (2759)-Svidler,P (2753) Shenzhen 2018}) 11. Nbd2 {LiveBook: 3 Games} Nb8 12. c3 bxc3 {White is slightly better.} 13. bxc3 c5 14. Nc4 Nc6 {[#]} 15. Bg5 $146 ({Predecessor:} 15. Nh4 d5 16. exd5 Nxd5 17. Nf5 Nxc3 {1-0 (27) Stefansson,H (2535)-Norqvist,J (2190) Stockholm 1998}) 15... Rb8 16. Qc2 Kh8 17. Qa2 Nh5 18. Bxe7 Nxe7 19. d4 (19. g3 $1 $16) 19... exd4 $11 20. cxd4 d5 $1 {[%cal Rd5c4]} 21. exd5 Bxd5 22. Nfe5 {[%cal Bf3e5,Be5d3,Bd3c5][%mdl 32] Hoping for Nb6.} f6 (22... cxd4 $6 23. Nb6 $16) 23. Nd3 {And now Nb6 would win.} cxd4 (23... Nc6 $1 $11 {remains equal.}) 24. Nb6 $1 $36 {[%cal Rb3d5][%mdl 2048] Keeping Black busy.} Bxb3 25. Qxb3 {Strongly threatening Qe6.} g6 (25... Ng6 $16 {keeps fighting.}) 26. Nc5 $18 Qd6 27. Nxa6 Rbd8 $2 (27... Rb7 28. Qb4 Qxb4 29. Nxb4 Ng7) 28. Re6 Qf4 29. Rxe7 d3 30. Qd1 d2 31. Re3 Rfe8 {[#]} (31... Qd4 {was worth a try.}) 32. Nd5 $1 Qd4 (32... Rxe3 $142 33. fxe3 (33. Nxf4 Re1+ 34. Qxe1 dxe1=R+ 35. Rxe1 Nxf4 $18) 33... Qe5) 33. Nac7 Nf4 34. Rxe8+ Rxe8 35. Nxe8 {Black must now prevent Nxf4.} Qxd5 36. Qf1 Nxg2 37. Nxf6 Qf3 38. a6 Nf4 39. a7 d1=Q 40. a8=Q+ Kg7 41. Rxd1 (41. Qg8+ $142 Kxf6 42. Qf8+ (42. Rxd1 Qg4+ 43. Kh1 Qf3+ 44. Kg1 Qg4+ 45. Kh1 Qf3+ 46. Kg1 $11) 42... Ke5 43. Qh8+ (43. Rxd1 Qg4+ 44. Kh1 Qf3+ 45. Kg1 Qg4+ 46. Kh1 Qf3+ 47. Kg1 $11) 43... Ke6 44. Qc8+ (44. Rxd1 Qg4+ 45. Kh1 Qf3+ 46. Kg1 Qg4+ 47. Kh1 Qf3+ 48. Kg1 $11) 44... Kf7 45. Rxd1 Ne2+ 46. Qxe2 Qxe2 47. Rd7+ Qe7 48. Rxe7+ Kxe7 49. h4) 41... Qxa8 {[#]White is clearly winning.} 42. Nd5 $1 Nxd5 43. Qg2 Nb6 {[#]} 44. Qxa8 (44. Rd7+ $142 $1 {[%mdl 512]} Kf6 (44... Nxd7 45. Qxa8) 45. Rd6+ Kg7 46. Rxb6 Qa1+ 47. Qf1 Qxf1+ 48. Kxf1) 44... Nxa8 45. Rd7+ Kh6 46. Rb7 {Precision: White = 65%, Black = 44%.} 1-0